Spell the Marvel Character #111 - Statistics

General Stats
  • This quiz has been taken 24 times
  • The average score is 8 of 12
Answer Stats
Picture Answer % Correct
Hulk
100%
Professor X
94%
Spider-Gwen
89%
Spider-Man
89%
Echo
78%
Elektra
72%
Madame Web
61%
Outlaw
56%
U-Go Girl
50%
Hope Summers
39%
Marrow
33%
Rachel Summers
28%
No matching quizzes found
Score Distribution
Percent of People with Each Score
Percentile by Number Answered
Your Score History
You have not taken this quiz